日向坂46 再生回数1000万回以上のMV - Statistics

General Stats
  • This quiz has been taken 13 times
  • The average score is 8 of 10
Answer Stats
Answer % Correct
ドレミソラシド
100%
キュン
100%
ソンナコトナイヨ
85%
アザトカワイイ
85%
ってか
85%
君しか勝たん
69%
僕なんか
69%
君はハニーデュー
62%
こんなに好きになっちゃっていいの?
54%
月と星が踊るMidnight
54%
No matching quizzes found
Score Distribution
Percent of People with Each Score
Percentile by Number Answered
Your Score History
You have not taken this quiz